• 首页
  • 本馆介绍
  • 公告通知
  • 最新文献
  • 馆藏检索
  • 电子资源
  • 读者导购
  • 参考咨询
  • 我的图书馆
  • 登录
  • 详细信息显示
  • 放入我的书架
  • 预约/预借图书
  • 作者相关作品
  • 分类相关作品
  • 丛书相关作品
  • 出版社相关作品

书目信息

  • 表格格式
  • 工作单格式
  • 卡片格式
题名:
中国语言学史
    
 
作者: 王力 著
分册:  
出版信息: 太原   山西人民出版社  1981.08
页数: 214页
开本: 20cm
丛书名:
单 册:
中图分类: H0-09 , H0
科图分类:
主题词: 语言学
电子资源:
ISBN:
000 00481nam0 2200193 45
001 1552197042
005 20150127143045.28
010    @dCNY1.65
100    @a20030307d1981 km y0chiy0120 ea
101 0  @achi
200 1  @a中国语言学史@AZhong Guo Yu Yan Xue Shi@f王力著@FWang Li Zhu
210    @a太原@c山西人民出版社@d1981.08
215    @a214页@d20cm
606 0  @a语言学
690    @aH0-09@v3
690    @aH0@v4
701  0 @a王力@4著
801    @aCN@bTSTC@c20070730
905    @dH0@eJY35
    
    中国语言学史/王力著.-太原:山西人民出版社,1981.08
    214页;20cm
    
    
    ISBN :CNY1.65
    
●
相关链接 在E读中查询图书 在五车中查询图书 在当当中查询图书 在豆瓣中查询图书


正题名:中国语言学史     索取号:H0/JY35         预约/预借

序号 登录号 条形码 馆藏地/架位号 状态 备注
1 7839091   278390910   学院路分馆/ [索取号:H0/JY35] 在馆    
2 7839092   278390929   学院路分馆/ [索取号:H0/JY35] 在馆    
唐山师范学院图书馆 欢迎您!
大连网信软件有限公司© 版权所有